[Event "GRE-chT 49th"]
[Site "Thessaloniki"]
[Date "2022.08.17"]
[Round "7"]
[White "Gavriilidis, Orestis"]
[Black "Nikolov, Momchil"]
[Result "0-1"]
[WhiteElo "2004"]
[BlackElo "2478"]
[PlyCount "104"]
[EventDate "2022.08.12"]
[EventType "team-swiss"]
[EventRounds "7"]
[EventCountry "GRE"]
[SourceTitle "EXT 2024"]
[Source "ChessBase"]
[SourceDate "2023.10.10"]
[SourceVersion "1"]
[SourceVersionDate "2023.10.10"]
[SourceQuality "1"]
[WhiteTeam "Thessaloniki Chan"]
[BlackTeam "Alexanthroepoles Ethnikos"]
[WhiteTeamCountry "GRE"]
[BlackTeamCountry "GRE"]

1. Nf3 Nf6 2. c4 c5 3. g3 d5 4. cxd5 Nxd5 5. Nc3 Nc6 6. Bg2 Nc7 7. 0-0 e5 8. d3 Be7 9. Nd2 Bd7 10. Nc4 f6 11. a4 0-0 12. f4 exf4 13. Bxf4 Be6 14. Ne4 Nd5 15. Bd6 b6 16. Qd2 Qd7 17. e3 Rad8 18. b3 Ndb4 19. Rad1 Bg4 20. Rde1 Bxd6 21. Nexd6 Qe6 22. Bxc6 Nxc6 23. Ne4 Rd7 24. Qc3 Bh3 25. Rf4 Qd5 26. Rh4 Bf5 27. Rf1 Bxe4 28. dxe4 Qd3 29. Qxd3 Rxd3 30. e5 Nxe5 31. Nxe5 fxe5 32. Rxf8+ Kxf8 33. b4 cxb4 34. Rxb4 Ra3 35. Kf2 Ra2+ 36. Kf3 Rxh2 37. Rc4 a5 38. Ke4 Rg2 39. Kxe5 Rxg3 40. Rc8+ Kf7 41. e4 h5 42. Rc7+ Kg8 43. Kd6 Rd3+ 44. Ke6 h4 45. e5 h3 46. Rc8+ Kh7 47. Rc4 Kh6 48. Kf5 g6+ 49. Kg4 h2 50. Rc1 Ra3 51. Rh1 Rxa4+ 52. Kf3 Rh4 0-1

[Event "GRE-chT2 48th"]
[Site "Thessaloniki"]
[Date "2021.10.10"]
[Round "7.6"]
[White "Gavriilidis, Orestis"]
[Black "Lolos, Ioannis"]
[Result "1-0"]
[WhiteElo "1976"]
[BlackElo "2007"]
[PlyCount "166"]
[EventDate "2021.10.05"]
[EventType "team-swiss"]
[EventRounds "7"]
[EventCountry "GRE"]
[SourceTitle "CBM 204 Extra"]
[Source "ChessBase"]
[SourceDate "2021.11.30"]
[SourceVersion "1"]
[SourceVersionDate "2021.11.30"]
[SourceQuality "1"]
[WhiteTeam "Kalamarias Han"]
[BlackTeam "Katerinis"]
[WhiteTeamCountry "GRE"]
[BlackTeamCountry "GRE"]

1. d4 e6 2. g3 f5 3. Bg2 Nf6 4. c4 Bb4+ 5. Nd2 0-0 6. Ngf3 Nc6 7. 0-0 Qe8 8. Nb3 a5 9. a3 Bd6 10. a4 Qh5 11. d5 exd5 12. cxd5 Nb4 13. Nfd4 b6 14. Nb5 Ba6 15. N3d4 Be5 16. Nf3 Bxb5 17. axb5 Bd6 18. Ra3 Rae8 19. Re3 Nbxd5 20. Rxe8 Rxe8 21. Qb3 h6 22. Nd4 f4 23. Bxf4 Bxf4 24. gxf4 Kh8 25. e3 Ne4 26. Qc2 Nc5 27. Kh1 Nf6 28. h3 Nfe4 29. Kh2 Qf7 30. Rg1 d6 31. Bf3 Qf6 32. Rg2 Re7 33. Bg4 g5 34. f5 Qe5+ 35. Kh1 Nf6 36. Bf3 Rg7 37. Nc6 Qe8 38. Nd4 h5 39. Qc3 Qe5 40. Qc4 d5 41. Qe2 g4 42. hxg4 hxg4 43. Bxg4 Qe4 44. f3 Rh7+ 45. Rh2 Qb1+ 46. Kg2 Nd3 47. Rxh7+ Kxh7 48. b3 Kg8 49. Kh2 Kf7 50. Bh3 Qb2 51. Qxb2 Nxb2 52. Kg3 Ke7 53. Kf4 Nh5+ 54. Kg5 Nf6 55. Bg2 Nd3 56. e4 Ne1 57. Bh1 Nd3 58. Nc6+ Kf7 59. e5 Nh7+ 60. Kh6 Nf8 61. Bg2 Nxe5 62. Nxe5+ Kf6 63. Nd3 Kxf5 64. Bh3+ Kf6 65. f4 Ng6 66. Kh5 d4 67. Kg4 Ke7 68. Kf5 Nh4+ 69. Ke4 Kd6 70. f5 c6 71. bxc6 Kxc6 72. Kxd4 b5 73. f6 Kd6 74. Ne5 a4 75. b4 a3 76. Nf7+ Kc7 77. Kc3 Kc6 78. Kb3 Ng6 79. Kxa3 Nf4 80. Bg4 Kd5 81. Ng5 Ke5 82. f7 Ng6 83. Nh7 Kf4 1-0

[Event "GRE-chT Online Rapid op 1st"]
[Site "Tornelo INT"]
[Date "2021.02.21"]
[Round "6.26"]
[White "Sampanis, Athanasios"]
[Black "Gavriilidis, Orestis"]
[Result "0-1"]
[WhiteElo "1175"]
[BlackElo "1976"]
[PlyCount "112"]
[EventDate "2021.02.20"]
[EventType "team-swiss (rapid)"]
[EventRounds "9"]
[EventCountry "GRE"]
[SourceTitle "EXT 2023"]
[Source "ChessBase"]
[SourceDate "2022.10.05"]
[SourceVersion "1"]
[SourceVersionDate "2022.10.05"]
[SourceQuality "1"]

1. e4 c5 2. Nc3 Nc6 3. g3 g6 4. d3 Bg7 5. Be3 d6 6. Bg2 e6 7. f4 Nge7 8. Bf2 0-0 9. Nf3 Nd4 10. Nxd4 cxd4 11. Ne2 Nc6 12. 0-0 Qa5 13. Nc1 Bd7 14. Nb3 Qc7 15. Qd2 Rac8 16. Rac1 a5 17. a4 Qb6 18. Be1 Ra8 19. g4 f5 20. gxf5 exf5 21. exf5 Bxf5 22. Bf2 Nb4 23. Rfe1 Rac8 24. Re7 Bf6 25. Rxb7 Qa6 26. Nxd4 Bxd3 27. c3 Nc6 28. Rd7 Nxd4 29. cxd4 Rxc1+ 30. Qxc1 Qc8 31. Qxc8 Rxc8 32. Bd5+ Kh8 33. Rxd6 Rc1+ 34. Kg2 Kg7 35. Rc6 Rb1 36. b3 Rb2 37. Kf3 Be2+ 38. Kg3 h5 39. Rc7+ Kh8 40. Rf7 h4+ 41. Kh3 Bg7 42. Ra7 Bf6 43. Ra8+ Kg7 44. Bxh4 Bf1+ 45. Kg3 Bxh4+ 46. Kxh4 Rxh2+ 47. Kg3 Rd2 48. Rxa5 Rxd4 49. Ra7+ Kf8 50. Ra8+ Ke7 51. Bc6 Rd3+ 52. Kg4 Rxb3 53. Kg5 Bd3 54. Ra7+ Kd6 55. Bb5 Bf5 56. Ra6+ Kc5 0-1

[Event "GRE-ch South U16"]
[Site "Athens"]
[Date "2020.08.31"]
[Round "6"]
[White "Gavriil, Odysseas Panagiotis"]
[Black "Gavriilidis, Orestis"]
[Result "1/2-1/2"]
[WhiteElo "2069"]
[BlackElo "1916"]
[PlyCount "166"]
[EventDate "2020.08.28"]
[EventType "swiss"]
[EventRounds "9"]
[EventCountry "GRE"]
[SourceTitle "EXT 2023"]
[Source "ChessBase"]
[SourceDate "2022.10.05"]
[SourceVersion "1"]
[SourceVersionDate "2022.10.05"]
[SourceQuality "1"]

1. e4 c5 2. Nf3 Nc6 3. d4 cxd4 4. Nxd4 e5 5. Nb5 a6 6. Nd6+ Bxd6 7. Qxd6 Qe7 8. Qxe7+ Ngxe7 9. Nc3 d5 10. exd5 Nb4 11. Bd3 Nxd3+ 12. cxd3 Bf5 13. d6 Nc6 14. Be3 Rd8 15. Bc5 b6 16. Ba3 Nd4 17. 0-0-0 Kd7 18. Rhe1 f6 19. Kb1 Rc8 20. f4 Rce8 21. Nd5 exf4 22. Re7+ Rxe7 23. dxe7 Nb5 24. Nxb6+ Kc6 25. Nc4 Nxa3+ 26. Nxa3 Re8 27. Kc2 Rxe7 28. Kc3 Kd5 29. Nc4 g5 30. a4 Re2 31. Rd2 Rxd2 32. Nxd2 Bd7 33. b3 Bc6 34. g3 fxg3 35. hxg3 h5 36. d4 h4 37. gxh4 gxh4 38. Nf3 h3 39. Kd3 Bd7 40. Ke3 Bg4 41. b4 Bd7 42. b5 axb5 43. axb5 Bxb5 44. Nh2 Bd7 45. Nf1 Bc8 46. Nh2 Be6 47. Nf3 Kc4 48. Nd2+ Kc3 49. Nf3 Bd5 50. Nh2 Bb7 51. Ng4 Bc6 52. Nh2 Bd7 53. Nf1 Kc2 54. Nh2 Kd1 55. Nf3 Be6 56. Nh2 Ke1 57. Kf3 Kd2 58. Kg3 Ke3 59. d5 Bc8 60. d6 Ke4 61. Ng4 Bxg4 62. Kxg4 h2 63. d7 h1Q 64. d8Q Qg2+ 65. Kh4 Qh2+ 66. Kg4 Qg1+ 67. Kh3 Qe3+ 68. Kg2 Qf3+ 69. Kh2 Qh5+ 70. Kg3 Qe5+ 71. Kg2 Qb2+ 72. Kg3 Qb3+ 73. Kh4 Qe6 74. Qd1 Qe5 75. Qc2+ Kd4 76. Qd2+ Ke4 77. Qc2+ Kd5 78. Qb3+ Kd6 79. Qb6+ Ke7 80. Qb7+ Kd6 81. Qb6+ Kd7 82. Qb7+ Qc7 83. Qxc7+ Kxc7 1/2-1/2

[Event "Thessaloniki White Tower op 42nd"]
[Site "Thessaloniki"]
[Date "2020.01.06"]
[Round "8"]
[White "Gavriilidis, Orestis"]
[Black "Ivanov, Jordan"]
[Result "1/2-1/2"]
[WhiteElo "1985"]
[BlackElo "2379"]
[PlyCount "107"]
[EventDate "2020.01.02"]
[EventType "swiss"]
[EventRounds "9"]
[EventCountry "GRE"]
[SourceTitle "EXT 2021"]
[Source "ChessBase"]
[SourceDate "2020.10.23"]
[SourceVersion "1"]
[SourceVersionDate "2020.10.23"]
[SourceQuality "1"]

1. Nf3 d5 2. g3 c5 3. Bg2 Nc6 4. 0-0 e5 5. d3 h6 6. c4 d4 7. e3 Bd6 8. a3 a5 9. exd4 exd4 10. Nbd2 Nf6 11. Re1+ Be6 12. Nh4 0-0 13. Ne4 Nxe4 14. Bxe4 Qd7 15. f4 Ne7 16. Qf3 Bg4 17. Qg2 Rab8 18. a4 Bh3 19. Qf2 Kh8 20. Bd2 b6 21. b3 Ng8 22. Bg2 Nf6 23. Bxh3 Qxh3 24. Qg2 Qd7 25. Re2 Rfe8 26. Rae1 Rxe2 27. Rxe2 g6 28. Qf3 Kg7 29. Ng2 Rd8 30. Bc1 Bb8 31. Nh4 Rc8 32. Kg2 Rc6 33. Kg1 Bc7 34. Bd2 Bd8 35. Ng2 Rd6 36. Ne1 h5 37. f5 Qxf5 38. Qxf5 gxf5 39. Ng2 Re6 40. Nf4 Rxe2 41. Nxe2 Ng4 42. h4 Ne5 43. Kg2 Nxd3 44. Nf4 Ne5 45. Nxh5+ Kh7 46. Nf4 Ng4 47. Nd5 Kg7 48. Bf4 Kg6 49. Kf3 f6 50. Bd2 Ne5+ 51. Kf4 Nd3+ 52. Kf3 Ne5+ 53. Kf4 Nd3+ 54. Kf3 1/2-1/2

[Event "Thessaloniki White Tower op 42nd"]
[Site "Thessaloniki"]
[Date "2020.01.04"]
[Round "5"]
[White "Karagiannis, Thomas Aristotelis"]
[Black "Gavriilidis, Orestis"]
[Result "1-0"]
[WhiteElo "1717"]
[BlackElo "1985"]
[PlyCount "89"]
[EventDate "2020.01.02"]
[EventType "swiss"]
[EventRounds "9"]
[EventCountry "GRE"]
[SourceTitle "CBM 194 Extra"]
[Source "ChessBase"]
[SourceDate "2020.03.31"]
[SourceVersion "1"]
[SourceVersionDate "2020.03.31"]
[SourceQuality "1"]

1. d4 Nf6 2. Bg5 g6 3. Bxf6 exf6 4. e3 Bg7 5. c4 0-0 6. Nc3 f5 7. g3 c5 8. Nge2 d6 9. Bg2 Nc6 10. dxc5 Ne5 11. cxd6 Nxc4 12. b3 Nxd6 13. 0-0 Be6 14. Rc1 Qe7 15. Nd5 Bxd5 16. Qxd5 Ne4 17. Rfd1 Rfd8 18. Qa5 b6 19. Qa4 h5 20. Qc6 h4 21. Nf4 Qa3 22. Bxe4 fxe4 23. Qxe4 hxg3 24. hxg3 Qxa2 25. Qc4 Rdc8 26. Qxc8+ Rxc8 27. Rxc8+ Kh7 28. Rc7 Qxb3 29. Rdd7 Be5 30. Rxf7+ Kh6 31. Rxa7 Bxf4 32. Rxf4 b5 33. Rb7 Qd5 34. Rb6 Qc5 35. Rh4+ Kg7 36. Rb7+ Kf6 37. Kh2 Qc6 38. Rb8 Qc5 39. Rf4+ Ke6 40. g4 Kd7 41. Rg8 Qd6 42. Kh3 Kc6 43. Rd4 Qf6 44. Rc8+ Kb7 45. Rc2 1-0

[Event "Thessaloniki Vardaris op 5th"]
[Site "Thessaloniki"]
[Date "2019.03.08"]
[Round "2"]
[White "Gavriilidis, Orestis"]
[Black "Triantafilidis, Mihail"]
[Result "1/2-1/2"]
[WhiteElo "1833"]
[BlackElo "2070"]
[PlyCount "119"]
[EventDate "2019.03.07"]
[EventType "swiss"]
[EventRounds "7"]
[EventCountry "GRE"]
[SourceTitle "CBM 189 Extra"]
[Source "ChessBase"]
[SourceDate "2019.06.03"]
[SourceVersion "1"]
[SourceVersionDate "2019.06.03"]
[SourceQuality "1"]

1. d4 Nf6 2. Nf3 d6 3. Nc3 Nbd7 4. e4 e5 5. Bc4 Be7 6. 0-0 0-0 7. Re1 c6 8. a4 b6 9. d5 Bb7 10. dxc6 Bxc6 11. Nd5 Nxd5 12. Bxd5 Qc7 13. c3 Bxd5 14. Qxd5 Nf6 15. Qb3 h6 16. Bd2 Rad8 17. Rad1 d5 18. exd5 e4 19. Nd4 Rxd5 20. h3 Rfd8 21. Be3 a6 22. Ne2 Bc5 23. Bxc5 bxc5 24. Rxd5 Rxd5 25. Rd1 Rd3 26. Nc1 Rd6 27. Rxd6 Qxd6 28. Qc2 Nh5 29. Qe2 Nf4 30. Qe3 g5 31. g3 Nd3 32. Ne2 Nxb2 33. Qxe4 Qd1+ 34. Kg2 Qxa4 35. Qb7 Nd3 36. Qd5 Qd1 37. Qe4 a5 38. Nc1 Nxc1 39. Qe8+ Kg7 40. Qe5+ Kh7 41. Qe4+ Kg7 42. Qe5+ Kf8 43. Qxc5+ Ke8 44. Qe5+ Kd7 45. Qxa5 Qd6 46. Qa7+ Kc6 47. Qxf7 Nd3 48. Qe8+ Kc5 49. Qe4 Kb5 50. h4 gxh4 51. Qxh4 Qd5+ 52. Kh2 Nxf2 53. c4+ Qxc4 54. Qxc4+ Kxc4 55. Kg2 Nd3 56. Kf3 h5 57. Ke4 Nf2+ 58. Kf4 Nh1 59. Kf3 Nxg3 60. Kxg3 1/2-1/2

[Event "Thessaloniki White Tower op 41st"]
[Site "Thessaloniki"]
[Date "2019.01.07"]
[Round "6"]
[White "Gavriilidis, Orestis"]
[Black "Mitsis, Georgios"]
[Result "1/2-1/2"]
[WhiteElo "1800"]
[BlackElo "2330"]
[PlyCount "81"]
[EventDate "2019.01.02"]
[EventType "swiss"]
[EventRounds "6"]
[EventCountry "GRE"]
[SourceTitle "EXT 2021"]
[Source "ChessBase"]
[SourceDate "2020.10.23"]
[SourceVersion "1"]
[SourceVersionDate "2020.10.23"]
[SourceQuality "1"]

1. Nf3 Nf6 2. c4 e6 3. g3 d5 4. d4 Bb4+ 5. Bd2 a5 6. a3 Be7 7. Bg2 0-0 8. 0-0 c6 9. Qc2 Ne4 10. Bf4 Nd7 11. Nbd2 g5 12. Be3 f5 13. Nxe4 dxe4 14. Ne5 Nxe5 15. dxe5 c5 16. Rad1 Qc7 17. Qc3 Bd7 18. f4 g4 19. Rd2 a4 20. Rc2 Rfd8 21. Rd1 Be8 22. Rxd8 Rxd8 23. Rd2 Rxd2 24. Bxd2 Bd8 25. e3 h5 26. Kf2 h4 27. Qc1 Bc6 28. Bc3 Be7 29. Bf1 b6 30. Be2 Qc8 31. Qf1 Kf7 32. Qd1 Qh8 33. Qf1 hxg3+ 34. hxg3 Ke8 35. Qg1 Kd7 36. Qf1 Kc8 37. Kg2 Kb7 38. Qh1 Qxh1+ 39. Kxh1 Ka6 40. Kg2 b5 41. Kf2 1/2-1/2

[Event "Thessaloniki White Tower op 41st"]
[Site "Thessaloniki"]
[Date "2019.01.02"]
[Round "1"]
[White "Kesidis, Odyseas"]
[Black "Gavriilidis, Orestis"]
[Result "1-0"]
[WhiteElo "2244"]
[BlackElo "1800"]
[PlyCount "59"]
[EventDate "2019.01.02"]
[EventType "swiss"]
[EventRounds "6"]
[EventCountry "GRE"]
[SourceTitle "EXT 2021"]
[Source "ChessBase"]
[SourceDate "2020.10.23"]
[SourceVersion "1"]
[SourceVersionDate "2020.10.23"]
[SourceQuality "1"]

1. e4 c5 2. Nf3 Nc6 3. Bb5 g6 4. 0-0 Bg7 5. Re1 Nf6 6. e5 Nd5 7. Nc3 Nc7 8. Bxc6 dxc6 9. Ne4 Ne6 10. d3 0-0 11. Be3 b6 12. Qd2 Nd4 13. Nxd4 cxd4 14. Bh6 Qd5 15. Bxg7 Kxg7 16. Qg5 Qe6 17. Ng3 h6 18. Qh4 c5 19. f4 Bb7 20. Re2 Rae8 21. f5 gxf5 22. Nh5+ Kh7 23. Nf4 Qc6 24. e6 Bc8 25. Qh5 Bxe6 26. Rxe6 fxe6 27. Qg6+ Kh8 28. Qxh6+ Kg8 29. Qg6+ Kh8 30. Nxe6 1-0

[Event "GRE-ch U14"]
[Site "Rio Achaia"]
[Date "2018.07.04"]
[Round "2"]
[White "Patrelakis, Evaggelos"]
[Black "Gavriilidis, Orestis"]
[Result "1-0"]
[WhiteElo "2285"]
[BlackElo "1665"]
[PlyCount "59"]
[EventDate "2018.07.03"]
[EventType "swiss"]
[EventRounds "9"]
[EventCountry "GRE"]
[SourceTitle "EXT 2019"]
[Source "ChessBase"]
[SourceDate "2018.10.10"]
[SourceVersion "1"]
[SourceVersionDate "2018.10.10"]
[SourceQuality "1"]

1. e4 c5 2. Nf3 Nc6 3. d4 cxd4 4. Nxd4 g6 5. c4 Bg7 6. Be3 Nf6 7. Nc3 d6 8. Be2 0-0 9. Nc2 Nd7 10. Qd2 Nc5 11. f3 a5 12. 0-0 a4 13. Rac1 Qa5 14. Na3 f5 15. exf5 Bxf5 16. Nab5 Kh8 17. Nd4 Nxd4 18. Bxd4 Nd7 19. Rfd1 Ne5 20. Qe3 Rac8 21. Nd5 Rf7 22. b4 axb3 23. axb3 Nc6 24. Bxg7+ Kxg7 25. g4 Bd7 26. Ra1 Qd8 27. Nb6 Rb8 28. c5 Ne5 29. Nxd7 Qxd7 30. Qxe5+ 1-0

[Event "Stavroupolis Novidis Memorial 7th"]
[Site "Stavroupolis"]
[Date "2018.06.22"]
[Round "4"]
[White "Gavriilidis, Orestis"]
[Black "Romanos, Theodoros"]
[Result "0-1"]
[WhiteElo "1709"]
[BlackElo "2094"]
[PlyCount "84"]
[EventDate "2018.06.19"]
[EventType "swiss"]
[EventRounds "7"]
[EventCountry "GRE"]
[SourceTitle "EXT 2019"]
[Source "ChessBase"]
[SourceDate "2018.10.10"]
[SourceVersion "1"]
[SourceVersionDate "2018.10.10"]
[SourceQuality "1"]

1. d4 d5 2. c4 c6 3. Nf3 Nf6 4. Qb3 e6 5. g3 Bd6 6. Bg2 0-0 7. 0-0 Nbd7 8. Nc3 dxc4 9. Qxc4 e5 10. Bg5 Qa5 11. Bxf6 Nxf6 12. dxe5 Bxe5 13. Nxe5 Qxe5 14. Rfd1 Be6 15. Qa4 a6 16. Rd2 Qc7 17. Rad1 Rad8 18. Qb4 Rxd2 19. Rxd2 h6 20. h3 Rb8 21. Qd4 Rc8 22. a3 Nd7 23. Ne4 Bd5 24. Nc5 Nxc5 25. Qxc5 b6 26. Qc3 Bxg2 27. Kxg2 c5 28. Qb3 c4 29. Qc3 b5 30. Qf3 Qe7 31. Qf5 Re8 32. Rd7 Qe6 33. Qxe6 Rxe6 34. e3 Rc6 35. Ra7 Rd6 36. Kf3 Rd2 37. Rxa6 Rxb2 38. Ke4 Rxf2 39. Rb6 Rb2 40. Kd4 Rb3 41. a4 bxa4 42. Ra6 a3 0-1

[Event "GRE-ch Schools Gymnasia-A 30th"]
[Site "Peristeri"]
[Date "2018.04.02"]
[Round "7"]
[White "Athanasopoulos, Georgios"]
[Black "Gavriilidis, Orestis"]
[Result "0-1"]
[WhiteElo "1724"]
[BlackElo "1690"]
[PlyCount "64"]
[EventDate "2018.04.01"]
[EventType "swiss (rapid)"]
[EventRounds "9"]
[EventCountry "GRE"]
[SourceTitle "EXT 2019"]
[Source "ChessBase"]
[SourceDate "2018.10.10"]
[SourceVersion "1"]
[SourceVersionDate "2018.10.10"]
[SourceQuality "1"]

1. d4 Nf6 2. c4 g6 3. Nc3 Bg7 4. e4 d6 5. f3 0-0 6. Be3 c5 7. d5 a6 8. Qd2 Qa5 9. Bd3 Nbd7 10. Nge2 Rb8 11. Kf2 b5 12. cxb5 axb5 13. b3 Ne5 14. Bc2 c4 15. h3 b4 16. Nd1 c3 17. Qc1 Ba6 18. Bh6 Bxe2 19. Kxe2 Nh5 20. Bxg7 Kxg7 21. Kf2 f5 22. exf5 Qxd5 23. fxg6 Nxf3 24. Ne3 Nd2+ 25. Kg1 Qd4 26. Qe1 Rf1+ 27. Kh2 Qe5+ 28. g3 Nf3+ 29. Kg2 Nxe1+ 30. Kxf1 Nxc2 31. Nxc2 Rf8+ 32. Kg2 Qxg3# 0-1

[Event "GRE-ch Schools Gymnasia-A 30th"]
[Site "Peristeri"]
[Date "2018.04.02"]
[Round "8"]
[White "Krallis, Christos"]
[Black "Gavriilidis, Orestis"]
[Result "1-0"]
[WhiteElo "2198"]
[BlackElo "1690"]
[PlyCount "89"]
[EventDate "2018.04.01"]
[EventType "swiss (rapid)"]
[EventRounds "9"]
[EventCountry "GRE"]
[SourceTitle "EXT 2019"]
[Source "ChessBase"]
[SourceDate "2018.10.10"]
[SourceVersion "1"]
[SourceVersionDate "2018.10.10"]
[SourceQuality "1"]

1. e4 c5 2. Nf3 Nc6 3. d4 cxd4 4. Nxd4 g6 5. Be3 Bg7 6. Nc3 Nf6 7. f3 0-0 8. Qd2 d5 9. Nxc6 bxc6 10. 0-0-0 Be6 11. e5 Nd7 12. f4 f6 13. exf6 Nxf6 14. Bd4 Bf5 15. Bd3 Qd7 16. h3 Bxd3 17. Qxd3 Nh5 18. Bxg7 Nxg7 19. g3 e6 20. Ne4 Qe7 21. Ng5 Rab8 22. Rhe1 Qb4 23. Qd4 Qxd4 24. Rxd4 Rbe8 25. Ra4 Re7 26. Ra6 Rc8 27. Nf3 Nh5 28. Rg1 Kf8 29. Nd4 e5 30. fxe5 Rxe5 31. Rxa7 c5 32. Nb3 Nf6 33. Rf1 Rf5 34. Rxf5 gxf5 35. a4 h5 36. a5 h4 37. gxh4 f4 38. Nd2 Re8 39. Kd1 Ne4 40. Nxe4 Rxe4 41. Rh7 f3 42. Rh5 Rf4 43. Ke1 d4 44. a6 Rf7 45. Rxc5 1-0

[Event "EThessaloniki SSTH HALK-ch U16"]
[Site "Thessaloniki"]
[Date "2017.11.19"]
[Round "5.2"]
[White "Gavriilidis, Orestis"]
[Black "Stratos, Ioakeim Filippos"]
[Result "1-0"]
[WhiteElo "1768"]
[BlackElo "1000"]
[PlyCount "97"]
[EventDate "2017.10.01"]
[EventType "swiss"]
[EventRounds "6"]
[EventCountry "GRE"]
[SourceTitle "EXT 2024"]
[Source "ChessBase"]
[SourceDate "2023.10.10"]
[SourceVersion "1"]
[SourceVersionDate "2023.10.10"]
[SourceQuality "1"]

1. c4 e5 2. g3 g6 3. Bg2 Bg7 4. Nc3 Nc6 5. Nf3 Nf6 6. d3 0-0 7. Bg5 Nd4 8. 0-0 d6 9. Nxd4 exd4 10. Nd5 c6 11. Nxf6+ Bxf6 12. Bxf6 Qxf6 13. Qd2 a5 14. Rab1 c5 15. a3 Ra6 16. b4 Qd8 17. bxc5 Qe7 18. cxd6 Qxd6 19. Bxb7 Bxb7 20. Rxb7 Qxa3 21. Rfb1 Raa8 22. R7b2 a4 23. Ra2 Qd6 24. Qb4 Qd7 25. c5 Rab8 26. Qxb8 Rxb8 27. Rxb8+ Kg7 28. Rb4 Qd5 29. Rc4 Qh5 30. c6 Qf5 31. c7 Qc8 32. Raxa4 f5 33. Ra8 Qxa8 34. c8Q Qa7 35. Rc7+ Qxc7 36. Qxc7+ Kh6 37. Qf4+ Kg7 38. Qxd4+ Kh6 39. Kg2 g5 40. g4 Kg6 41. gxf5+ Kxf5 42. Qd5+ Kg6 43. Qe6+ Kh5 44. Kg3 g4 45. Qf5+ Kh6 46. Qf6+ Kh5 47. Kf4 h6 48. Qf5+ Kh4 49. Qxg4# 1-0

[Event "EThessaloniki SSTH HALK-ch U16"]
[Site "Thessaloniki"]
[Date "2017.11.12"]
[Round "4.2"]
[White "Aggelidis, Konstandinos"]
[Black "Gavriilidis, Orestis"]
[Result "0-1"]
[WhiteElo "1111"]
[BlackElo "1768"]
[PlyCount "154"]
[EventDate "2017.10.01"]
[EventType "swiss"]
[EventRounds "6"]
[EventCountry "GRE"]
[SourceTitle "EXT 2024"]
[Source "ChessBase"]
[SourceDate "2023.10.10"]
[SourceVersion "1"]
[SourceVersionDate "2023.10.10"]
[SourceQuality "1"]

1. c4 Nf6 2. Nc3 g6 3. Nf3 Bg7 4. d3 0-0 5. g3 d6 6. Bg2 Nc6 7. 0-0 h6 8. Re1 e5 9. e3 Bg4 10. h3 Be6 11. Qb3 Qd7 12. Kh2 Rfe8 13. Qd1 d5 14. cxd5 Nxd5 15. Nxd5 Bxd5 16. e4 Be6 17. Be3 Rad8 18. Bf1 Nb4 19. Qe2 Qxd3 20. Qxd3 Nxd3 21. Re2 Nb4 22. a3 Nc6 23. Rc1 Rd7 24. Rec2 a6 25. Rc5 Red8 26. b4 Bf8 27. R5c3 Rd1 28. Rxd1 Rxd1 29. Bxa6 Nd4 30. Bxb7 Nxf3+ 31. Kg2 Ne1+ 32. Kf1 Nc2+ 33. Kg2 Nxe3+ 34. fxe3 Ra1 35. Bd5 Bd6 36. h4 h5 37. Kf3 Bg4+ 38. Kf2 Kf8 39. Rb3 Ke7 40. Bc6 Be6 41. Bd5 Ra2+ 42. Kg1 Bxd5 43. exd5 e4 44. Kf1 Bxg3 45. Kg1 Bxh4 46. b5 Bg3 47. b6 cxb6 48. Rxb6 Rxa3 49. Rb2 Rxe3 50. Rb1 Rd3 51. Rf1 Rxd5 52. Kg2 Rf5 53. Rxf5 gxf5 54. Kxg3 Ke6 55. Kf2 f4 56. Ke1 Ke5 57. Kf2 f3 58. Kf1 e3 59. Ke1 Ke4 60. Kf1 h4 61. Kg1 e2 62. Kf2 Kd3 63. Ke1 f2+ 64. Kxf2 Kd2 65. Kf3 e1Q 66. Kg4 Qg3+ 67. Kf5 Ke3 68. Kf6 Qf4+ 69. Kg7 Qg5+ 70. Kf8 f5 71. Kf7 Qh6 72. Ke7 Kd4 73. Kd7 Kd5 74. Kc7 Qc6+ 75. Kd8 Qb7 76. Ke8 Ke6 77. Kf8 Qf7# 0-1

[Event "GRE-ch U12"]
[Site "Achaia"]
[Date "2017.07.02"]
[Round "9"]
[White "Gavriilidis, Orestis"]
[Black "Kalogridis, Antonios"]
[Result "1-0"]
[WhiteElo "1553"]
[BlackElo "1492"]
[PlyCount "87"]
[EventDate "2017.06.26"]
[EventType "swiss"]
[EventRounds "9"]
[EventCountry "GRE"]
[SourceTitle "EXT 2018"]
[Source "ChessBase"]
[SourceDate "2017.10.13"]
[SourceVersion "1"]
[SourceVersionDate "2017.10.13"]
[SourceQuality "1"]

1. e4 Nf6 2. Nc3 d5 3. exd5 Nxd5 4. Bc4 Nb6 5. Be2 Nc6 6. Nf3 Bf5 7. 0-0 e6 8. d3 Be7 9. Bf4 a6 10. Nd2 Nd4 11. Nb3 Nxe2+ 12. Qxe2 0-0 13. Qf3 Qc8 14. Qg3 c6 15. Rfe1 f6 16. Bd6 Bxd6 17. Qxd6 Rd8 18. Qg3 Qb8 19. a4 Qxg3 20. hxg3 e5 21. Nc5 Bc8 22. a5 Nd5 23. N3a4 Rb8 24. Re2 b6 25. axb6 Nxb6 26. Nxb6 Rxb6 27. b4 Rxb4 28. Nxa6 Bxa6 29. Rxa6 Rc8 30. c3 Rb1+ 31. Kh2 Rc1 32. d4 Rxc3 33. dxe5 fxe5 34. Rxe5 Rc7 35. Rf5 g6 36. Ra8+ Kg7 37. Rff8 c5 38. g4 Rf7 39. Rg8+ Kh6 40. f3 Kg5 41. Rgc8 Kh4 42. Ra5 Rc2 43. Rcxc5 Rxc5 44. Rxc5 1-0

[Event "GRE-ch U12"]
[Site "Achaia"]
[Date "2017.06.29"]
[Round "5"]
[White "Gavriilidis, Orestis"]
[Black "Stefanou, Dimitrios"]
[Result "0-1"]
[WhiteElo "1553"]
[BlackElo "1571"]
[PlyCount "66"]
[EventDate "2017.06.26"]
[EventType "swiss"]
[EventRounds "9"]
[EventCountry "GRE"]
[SourceTitle "EXT 2018"]
[Source "ChessBase"]
[SourceDate "2017.10.13"]
[SourceVersion "1"]
[SourceVersionDate "2017.10.13"]
[SourceQuality "1"]

1. Nf3 Nf6 2. c4 c5 3. d4 cxd4 4. Nxd4 e5 5. Nb5 d5 6. cxd5 Bc5 7. g3 0-0 8. Bg2 Qb6 9. N1c3 Bxf2+ 10. Kf1 Ng4 11. d6 Bxg3 12. e3 Nf2 13. Qb3 Nxh1 14. Bxh1 Qd8 15. hxg3 Qf6+ 16. Ke1 Qh6 17. Qd5 Nc6 18. a3 Be6 19. Qf3 Rad8 20. Ne4 f5 21. Nc5 e4 22. Qf1 Bc8 23. Qc4+ Kh8 24. Bg2 a6 25. Nd4 Qxd6 26. Nce6 Qxg3+ 27. Kf1 Bxe6 28. Qxe6 Nxd4 29. exd4 Rxd4 30. Bh6 gxh6 31. Rc1 Qf4+ 32. Ke2 Rd2+ 33. Ke1 Qf2# 0-1

[Event "GRE-chT U16 9th"]
[Site "Thessaloniki"]
[Date "2016.12.17"]
[Round "5.3"]
[White "Gavriilidis, Orestis"]
[Black "Kokolakis, Panagiotis"]
[Result "0-1"]
[WhiteElo "1498"]
[BlackElo "1425"]
[PlyCount "126"]
[EventDate "2016.12.15"]
[EventType "team-swiss"]
[EventRounds "6"]
[EventCountry "GRE"]
[SourceTitle "CBM 176 Extra"]
[Source "ChessBase"]
[SourceDate "2017.03.02"]
[SourceVersion "1"]
[SourceVersionDate "2017.03.02"]
[SourceQuality "1"]
[WhiteTeam "Kalamarias Han"]
[BlackTeam "Peiraikos"]
[WhiteTeamCountry "GRE"]
[BlackTeamCountry "GRE"]

1. Nf3 Nc6 2. d4 d5 3. Bf4 Bf5 4. e3 a6 5. a3 e6 6. Nbd2 Nf6 7. h3 Bd6 8. Bxd6 cxd6 9. Bd3 Bxd3 10. cxd3 0-0 11. 0-0 Rc8 12. Rc1 Qd7 13. b4 Na7 14. Qb3 Rxc1 15. Rxc1 Rc8 16. Rc2 Rc6 17. e4 Rxc2 18. Qxc2 Qc6 19. Qxc6 Nxc6 20. Kf1 Kf8 21. Ke1 Ke7 22. Kd1 h6 23. Kc2 Kd7 24. Kc3 Kc7 25. Ne1 b5 26. Nc2 Ne7 27. f3 Nh5 28. Ne3 Nf6 29. Nb3 dxe4 30. dxe4 d5 31. e5 Nd7 32. Nc5 Nxc5 33. bxc5 a5 34. h4 Kc6 35. g3 Ng8 36. Ng2 Ne7 37. Ne3 Ng8 38. g4 g5 39. h5 f6 40. exf6 Nxf6 41. Ng2 Kd7 42. Ne1 Kc6 43. Nd3 Nd7 44. Nc1 e5 45. Nb3 exd4+ 46. Kxd4 a4 47. Na5+ Kc7 48. Kxd5 Nf6+ 49. Ke6 Nd7 50. Kf7 Nxc5 51. Kg7 Nb7 52. Kxh6 Nxa5 53. Kg7 b4 54. axb4 a3 55. bxa5 a2 56. h6 a1Q+ 57. Kg8 Qf6 58. h7 Qg6+ 59. Kh8 Kd7 60. f4 gxf4 61. a6 Ke7 62. a7 Kf7 63. a8Q Qg7# 0-1